000 00585nam a2200217Ia 4500
003 OSt
005 20220928144604.0
006 a|||||r|||| 00| 0
007 ta
008 220927b |||||||| |||| 00| 0 eng d
024 _a72294
037 _cReference Collections
040 _aSDCL
_cSDCL
_beng
041 _2eng
_aeng
082 _aQ1a14,12,N72, L3.3 RR
100 _aDandekar R N
_9396620
245 0 _aVedic bibliography.
260 _c1973
942 _hQ1a14,12,N72, L3.3 RR
_cREF
_2CC
999 _c828350
_d828350